000
00310nam a22001457a 4500
008
230913b ||||| |||| 00| 0 eng d
020
_a
9780471179368
041
_a
eng
080
_a
521
082
_a
521SHA
100
_a
19
101
_a
ASTRO
245
_a
PLANETARY DREAMS
_c
SHAPIRO.R
942
_2
udc
_c
BK
999
_c
60366
_d
60366